| 000 | 00785nam a2200205 4500 | ||
|---|---|---|---|
| 001 | 136941 | ||
| 003 | ES-MaACL | ||
| 005 | 20231230063006.0 | ||
| 007 | t| | ||
| 008 | 070214s1944 sp r ||||1| spa d | ||
| 100 | 1 |
_aSainz de Robles, Federico Carlos, _d1898-1982 _9101593 |
|
| 245 | 1 | 0 |
_aEnsayo de un Diccionario mitológico universal _b: ; precedido de un estudio acerca de los mitos y de las religiones paganas / _cFederico Carlos Sainz de Robles ; dibujos de Angel Pérez Palacios. |
| 260 |
_aMadrid : _bM. Aguilar, _c1944. |
||
| 300 |
_aLXXV, 912 p. ; _c18 cm. |
||
| 700 | 1 |
_aPérez Palacios, Angel. _991070 |
|
| 740 | 0 | _aDiccionario mitológico universal. | |
| 740 | 0 | _aLos mitos y las religiones paganas. | |
| 852 |
_aES-MaACL _jB-10121 _bR.21053 |
||
| 999 |
_c136941 _d136941 |
||